| 000 | 01107cam a22003617a 4500 | ||
|---|---|---|---|
| 003 | CHAP | ||
| 005 | 20220817044420.0 | ||
| 008 | 110125s2010 fr a r 00010 eng d | ||
| 010 | _a100343 | ||
| 011 | _a101315 | ||
| 020 | _a9789251066072 | ||
| 035 | _a112002 | ||
| 040 | _cCHAP | ||
| 082 | 0 | 0 |
_a634.9 _bF3y v.161 |
| 110 | 2 | _aFAO | |
| 245 | 1 | 0 |
_aDeveloping effective forest policy : _bA guide _c/por FAO |
| 260 |
_aRome : _bFAO, _c2010 |
||
| 300 |
_avii, 69 p. : _bilus. |
||
| 490 | 0 |
_aFAO. Montes _v; 161 |
|
| 590 |
_aBATCH-UPD _b10 _c20130110 _lUCH01 _h0849 |
||
| 590 |
_aBATCH-UPD _b10 _c20130410 _lUCH01 _h0521 |
||
| 590 |
_aBATCH-UPD _b10 _c20130914 _lUCH01 _h1247 |
||
| 590 |
_aCONVERSION _b10 _c20130109 _lUCH01 _h1355 |
||
| 650 | 1 | 4 |
_aEducación forestal. _935570 |
| 650 | 1 | 4 |
_aForestación. _942339 |
| 650 | 1 | 4 |
_aParticipación ciudadana _985800 |
| 650 | 1 | 4 |
_aPlanificación. _988736 |
| 650 | 1 | 4 |
_aPolítica forestal. _990563 |
| 830 | 0 |
_aFAO. Montes _v; 161 _939632 |
|
| 901 | _aBK | ||
| 942 | _cLIBRO | ||
| 949 |
_a634.9 F3y v.161 _bBC _cFAO _d33724002233066 _eFAO1 _gDonaciØn _h114084 _i112002 _sb |
||
| 999 |
_c100343 _d100343 |
||